A Short History of Pakistan. (Record no. 348969)
[ view plain ]
| 000 -LEADER | |
|---|---|
| fixed length control field | 00429 a2200181 4500 |
| 003 - CONTROL NUMBER IDENTIFIER | |
| control field | NUST |
| 020 ## - INTERNATIONAL STANDARD BOOK NUMBER | |
| International Standard Book Number | 9694040086 |
| 038 ## - RECORD CONTENT LICENSOR | |
| Staff Name | A |
| 082 ## - DEWEY DECIMAL CLASSIFICATION NUMBER | |
| Classification number | 954.9 |
| Author Mark | QUR |
| 100 ## - MAIN ENTRY--PERSONAL NAME | |
| Personal name | I.H.Qureshi. |
| 9 (RLIN) | 81133 |
| 245 ## - TITLE STATEMENT | |
| Title | A Short History of Pakistan. |
| Statement of responsibility, etc. | I.H.Qureshi. |
| 250 ## - EDITION STATEMENT | |
| Edition statement | 1st. |
| 260 ## - PUBLICATION, DISTRIBUTION, ETC. | |
| Place of publication, distribution, etc. | Karachi. |
| Name of publisher, distributor, etc. | University of Karachi. |
| Date of publication, distribution, etc. | 1967. |
| 300 ## - PHYSICAL DESCRIPTION | |
| Extent | 294p. |
| 500 ## - GENERAL NOTE | |
| General note | Hard cover |
| 563 ## - BINDING INFORMATION | |
| Binding note | H.B |
| 942 ## - ADDED ENTRY ELEMENTS (KOHA) | |
| Institution code [OBSOLETE] | NBS |
| Koha item type | Book |
| Call number prefix | 954.035 QUR |
| Source of classification or shelving scheme | |
| Withdrawn status | Lost status | Source of classification or shelving scheme | Damaged status | Not for loan | Permanent Location | Current Location | Date acquired | Total Checkouts | Full call number | Barcode | Date last seen | Date last checked out | Price effective from | Koha item type |
|---|---|---|---|---|---|---|---|---|---|---|---|---|---|---|
| Central Library (CL) | Central Library (CL) | 08/28/2013 | 2 | 954.9 QUR | NBSD-1870 | 12/24/2021 | 02/15/2019 | 08/28/2013 | Book |
